| 000 | 00548nam a2200133Ia 4500 | ||
|---|---|---|---|
| 008 | 171212s9999 xx 000 0 und d | ||
| 020 | _a9780874212921 | ||
| 100 | _aJohanek, Cindy | ||
| 245 |
_cJohanek, Cindy _aComposing Research _bA Contextualist Paradigm for Rhetoric and Composition |
||
| 260 |
_bUniversity Press of Colorado _c2000 |
||
| 650 | _aEducation | ||
| 650 | _aEnglish language -- Rhetoric -- Study and teaching -- Research; English language -- Composition and exercises -- Research | ||
| 856 | _uhttp://www.jstor.org/stable/j.ctt46nrtw | ||
| 999 |
_c353048 _d353048 |
||